| 000 | 00515nam a2200181Ia 4500 | ||
|---|---|---|---|
| 008 | 240925s9999 xx 000 0 und d | ||
| 020 | _a9780070682566 | ||
| 082 | _a621 FIT | ||
| 100 | _aFitzgerald, A. E.; Grabel, Arvin | ||
| 245 | 0 | _aBasic Electrical Engineering | |
| 250 | _a5th | ||
| 260 |
_aNew Delhi: _bMcGraw Hill Education (India) Private Limited _c,1981. |
||
| 300 |
_axiv, 2016p. _b0 _fOriginal |
||
| 500 | _aIncludes Index | ||
| 600 | _aElectrical Engineering | ||
| 650 | _aTechnology | ||
| 942 | _cBK | ||
| 999 |
_c14002 _d14002 |
||